Statistics for Attack on Titan Character Quiz

Click here to take the quiz!

General Stats

  • This quiz has been taken 123 times
  • The average score is 23 of 30

Answer Stats

DescriptionThe Dude% Correct
I WILL KEEL TITANSEren
100%
The girl who is overprotectiveMikasa
99%
SmartassArmin
97%
i liek potatoesSasha
97%
GoddessChrista
96%
clean freakLevi
95%
freckled lesbianYmir
93%
cold chickAnnie
92%
weird obsession with titansHanji
91%
horse Jean
91%
baldyConnie
90%
THICC eyebrowsErwin
90%
muscle boiReiner
90%
Doctor boiGrisha
84%
girrafeBertholdt
83%
Guy who saves Eren's and Mikasa's assHannes
81%
50%Marco
76%
ur momCarla
75%
Garrison CommanderPyxis
71%
boobie titanFemale Titan
70%
monkeyBeast Titan
68%
tall titanColossal Titan
63%
the 104th cadet corps instructorKeith
60%
Goddess' dadRod
60%
sniff sniffMiche
59%
football titanArmored Titan
58%
MUSCLE titanAttack Titan
55%
crazy cowboy manKenny
53%
priest guyNick
48%
Military Police guy named after a riverNile
36%

Score Distribution

Percentile by Number Answered

Percent of People with Each Score

Your Score History

You have not taken this quiz